00843nam a2200205Ia 4500008004100000020001900041082001400060100002300074245008500097250000600182260003800188300001100226500004000237650001800277700004000295952009100335952009100426952010300517999001700620120629s9999 xx 000 0 und d a970-686-3040-0 a530 S481f aSerway, Raymond A. aFísica II : texto basado en cálculo / Raymond A. Serway, John W. Jewett, Jr. a3 aAustralia : International Thomson a544 p. aApéndice, índice y respuestas  a1. FÍSICA  aI. Jewett, Jr., John W. ; coaut.Ì 00104070a15b15d2008-06-18l0o530 S481Fp15 002813r2017-12-07t1w2012-06-28yLB 00104070a15b15d2009-12-01l0o530 S481Fp15 003439r2017-12-07t2w2012-06-28yLB 00104070a15b15d2009-12-01l2o530 S481Fp15 003440r2017-12-07s2015-02-16t3w2012-06-28yLB c76265d76265